000 01806npm a2200229 i 4500
001 5177
003 ES-MaACL
005 20230908135830.0
007 hzrazu bucu
008 900420r19901897xxk a 00010 eng d
080 _a7(05)(421.2 Londres)
080 _a05(42)
245 0 4 _aThe Studio
_b: [Microforma] : an illustrated magazine of fine and applied art.
260 _aMadrid :
_bAteneo Cientifico, Literario y Artistico,
_c1990.
300 _a23 carretes de microfilme :
_bnegativo ;
_c16 mm.
500 _aPublicado originalmente: London, Offices of The Studio, 1897-1933, periodicidad mensual.
505 8 _aCarrete n. 1: 1897 (febr.) a 1899 (mar., p.84) -- Carrete n. 2: 1899 a 1900 (sept.) -- Carrete n. 3: 1900 (oct.) a 1901 -- Carrete n. 4: 1901 (supl.) a 1902 (supl., p.23) -- Carrete n. 5: 1902 (supl., p.24) a 1904 (mayo) -- Carrete n. 6: 1904 (jun.) a 1905 (sept.) -- Carrete n. 7: 1905 (oct.) a 1906 (jun., p.275) -- Carrete n. 8; 1906 a 1907 (nov.) -- Carrete n. 9: 1907 a 1908 (sept., p.289) -- Carrete n. 10: 1908 a 1909 (mayo) -- Carrete n. 11: 1909 (jun.) a 1910 (abr., p.57) -- Carrete n. 12: 1910 (abr., p.58) a 1910-11 (supl.) -- Carrete n. 13: 1910-11 (suplm. n. 2) a 1912 (mayo) -- Carrete n. 14: 1912 (jun.) a 1912-13 (n. extra) -- Carrete n. 15: 1913 a 1913-14 (n. extra) -- Carrete n. 16: 1914 a 1915 (mayo) -- Carrete n. 17: 1915 (jun.) a 1917 -- Carrete n. 18: 1918 a 1922 (1er. sem., p.103) -- Carrete n. 19: 1922 (1er sem., p. 104) a 1924 -- Carrete n. 20: 1925 a 1927 (jun.) -- Carrete n. 21: 1927 (jul.) a 1930 (1er sem., p.49) -- Carrete n. 22: 1930 (1er sem., p.50) a 1931 -- Carrete n. 23: 1932 y 1933
650 1 4 _aObras de 1800.
_915662
852 _aES-MaACL
_jMC-356-378
_95294
_cDEPO1
942 _2udc
_cMICROFORMA
999 _c5177
_d5177